[Event "Open A"]
[Site "Polanica Zdroj POL"]
[Date "2007.08.20"]
[Round "4"]
[White "Wieczorek,Z"]
[Black "Fistek,D"]
[Result "1/2-1/2"]
[WhiteElo "2301"]
[BlackElo "2167"]

1.e4 c5 2.Nf3 d6 3.Bb5+ Nd7 4.O-O Nf6 5.Re1 a6 6.Bf1 g6 7.c3 Bg7 8.d4 O-O
9.h3 cxd4 10.cxd4 d5 11.e5 Ne4 12.Ng5 Nxg5 13.Bxg5 f6 14.exf6 Nxf6 15.Nc3 e6
16.Qb3 Qd6 17.Rad1 b5 18.g3 Nh5 19.Be3 Bd7 20.Ne2 Qb6 21.Bg2 Kh8 22.Qd3 b4
23.Qd2 Rf7 24.Nc1 Raf8 25.Nd3 a5 26.g4 Nf6 27.Ne5 Re7 28.Bg5 Bb5 29.Rc1 Rc7
30.Rxc7 Qxc7 31.Nd3 Bxd3 32.Qxd3 Qb6 33.Be3  1/2-1/2

[Event "VIII Open"]
[Site "Tarragona ESP"]
[Date "2007.08.20"]
[Round "3"]
[White "Farran Martos,J"]
[Black "Carlsson,P"]
[Result "1/2-1/2"]
[WhiteElo "2185"]
[BlackElo "2480"]

1.e4 c5 2.Nf3 d6 3.Bb5+ Bd7 4.Bxd7+ Qxd7 5.O-O Nf6 6.Qe2 Nc6 7.c3 e6 8.d4 cxd4
9.cxd4 d5 10.e5 Ne4 11.Nbd2 Nxd2 12.Bxd2 Be7 13.Qd3 h6 14.Rfc1 O-O 15.Rc3 Rfc8
16.Rac1 Nb4 17.Qb1 Rxc3 18.Bxc3 Rc8 19.Bxb4 Bxb4 20.Rc2 Rc4 21.b3 Rc6 22.Qc1 Ba3
23.Qd1 Qc7 24.Rxc6 bxc6 25.Qc2 Qb6 26.g3 c5 27.dxc5 Bxc5 28.Ne1 Bd4 29.Qc8+ Kh7
30.Qc2+ g6 31.Nd3 Qb8 32.Qe2 Qb5 33.Qf3 Kg8 34.h4 h5 35.Kg2 Qa5 36.Qf6 Bb6
37.a4 Qd2 38.Qf3 Qc2 39.Nb4 Qc5 40.Nd3 Qc2 41.Nb4 Qc5 42.Nd3 Qc3 43.b4 Bd4
44.Qe2 Qb3 45.a5 Qc4 46.Qf3 Bc3 47.Qe3 Bd4 48.Qf3 Bc3 49.Qe3 a6 50.Kh2 Bxb4
51.Nxb4 Qxb4 52.Qb6 Qc4 53.Qd8+ Kh7 54.Qe7 Kg7 55.Qf6+ Kg8 56.Qd8+ Kh7 57.Qe7 Kg7  1/2-1/2

[Event "Acropolis Open"]
[Site "Athens GRE"]
[Date "2007.08.21"]
[Round "8"]
[White "Kotrotsos,V"]
[Black "Pountzas,H"]
[Result "1-0"]
[WhiteElo "2337"]
[BlackElo "2238"]

1.e4 c5 2.Nf3 d6 3.Bb5+ Nd7 4.d4 Nf6 5.O-O a6 6.Bxd7+ Nxd7 7.Nc3 e6 8.Bg5 Qc7
9.Re1 cxd4 10.Qxd4 f6 11.Bd2 Ne5 12.Na4 Be7 13.Nb6 Rb8 14.a4 Nxf3+ 15.gxf3 e5
16.Nd5 Qc5 17.Qxc5 dxc5 18.Ba5 Be6 19.Bb6 Bxd5 20.exd5 Kd7 21.c4 Bd8 22.a5 Be7
23.b4 Rbc8 24.Rec1 cxb4 25.c5 f5 26.Rab1 Ra8 27.Rxb4 Rhc8 28.Rbc4 Bg5 29.c6+ bxc6
30.dxc6+ Ke6 31.Rd1 Bf4 32.c7  1-0

[Event "Dato Arthur Tan Malaysian Op"]
[Site "Kuala Lumpur MAS"]
[Date "2007.08.21"]
[Round "3"]
[White "Wang Li"]
[Black "Wan Yunguo"]
[Result "1/2-1/2"]
[WhiteElo "2337"]
[BlackElo "2386"]

1.e4 c5 2.Nf3 d6 3.Bb5+ Bd7 4.Bxd7+ Qxd7 5.O-O Nc6 6.c3 Nf6 7.Qe2 e6 8.Rd1 Be7
9.d3 O-O 10.Bg5 h6 11.Bh4 d5 12.e5 Nh7 13.Bxe7 Qxe7 14.Nbd2  1/2-1/2

[Event "Dato Arthur Tan Malaysian Op"]
[Site "Kuala Lumpur MAS"]
[Date "2007.08.21"]
[Round "3"]
[White "Inoue,S"]
[Black "Zakaria,F"]
[Result "0-1"]
[WhiteElo "2031"]
[BlackElo "2225"]

1.e4 c5 2.Nf3 d6 3.Bb5+ Nc6 4.O-O Bd7 5.Re1 e6 6.d4 cxd4 7.Nxd4 Nxd4 8.Bxd7+ Qxd7
9.Qxd4 Nf6 10.Nc3 Be7 11.Bg5 h6 12.Bh4 g5 13.e5 Ng8 14.Bg3 d5 15.Rad1 Qc6
16.Ne2 Bc5 17.Qd3 Ne7 18.c3 Nf5 19.Rc1 Rc8 20.Rc2 h5 21.h3 h4 22.Bh2 Qb6
23.Nd4 Bxd4 24.cxd4 Kd7 25.Rec1 Rxc2 26.Qxc2 Nxd4 27.Qa4+ Nc6 28.b3 Qb4 29.Qxb4 Nxb4
30.a3 Nc6 31.Kf1 Ke7 32.f3 f5 33.exf6+ Kxf6 34.Ke1 Rc8 35.Kd2 e5 36.b4 a6
37.a4 Ne7 38.Rxc8 Nxc8 39.Kd3 Ke6 40.Bg1 d4 41.Bf2 Nd6 42.Be1 b5 43.axb5 axb5
44.Bd2 Kf5 45.Ke2 Nc4 46.Bc1 Nb6 47.Kd3 Nd5 48.Bd2 Nf4+ 49.Bxf4 Kxf4  0-1

[Event "Dato Arthur Tan Malaysian Op"]
[Site "Kuala Lumpur MAS"]
[Date "2007.08.21"]
[Round "3"]
[White "Schon,E"]
[Black "Lee Kim Han,E"]
[Result "0-1"]
[WhiteElo "1963"]
[BlackElo "2045"]

1.e4 c5 2.Nf3 d6 3.Bb5+ Bd7 4.Bxd7+ Qxd7 5.c4 e5 6.d3 g6 7.Nc3 Bg7 8.a3 Ne7
9.b4 b6 10.Rb1 O-O 11.h4 Qg4 12.O-O h6 13.bxc5 bxc5 14.Rb7 Nbc6 15.Nd5 Nxd5
16.cxd5 Nd8 17.Rb1 f5 18.Re1 f4 19.Bd2 Bf6 20.Qa4 Bxh4 21.Qa6 Be7 22.Ba5 Qc8
23.Qb5 Nf7 24.Qb7 Bd8 25.Qxc8 Rxc8 26.Bxd8 Nxd8 27.Rb3 Rf7 28.Reb1 Kg7 29.Nd2 Rd7
30.Nc4 Kf6 31.Kh2 Ke7 32.Kh3 Rcc7 33.Na5 Kf6 34.f3 h5 35.Rb8 g5 36.R1b5 Ke7
37.Rb3 Kf6 38.R3b5 Kg7 39.Rb3 Nf7 40.Nc6 Nh6 41.Nd8 Kg6 42.Ne6 g4+ 43.Kh2 c4
44.dxc4 Rxc4 45.Nf8+ Kg5 46.Nxd7 Rc1 47.Rb1 g3+ 48.Kh3 Rxb1 49.Rxb1 Ng4  0-1

[Event "Dato Arthur Tan Malaysian Op"]
[Site "Kuala Lumpur MAS"]
[Date "2007.08.21"]
[Round "4"]
[White "Mok Tze Meng"]
[Black "Moylan,L"]
[Result "1-0"]
[WhiteElo "2346"]
[BlackElo "2100"]

1.e4 c5 2.Nf3 d6 3.Bb5+ Bd7 4.Bxd7+ Qxd7 5.c4 Nf6 6.Nc3 g6 7.d4 cxd4 8.Nxd4 Bg7
9.f3 O-O 10.Be3 Nc6 11.O-O Rfd8 12.Qd2 e6 13.Rac1 Rac8 14.b3 Qe7 15.Rfe1 d5
16.exd5 exd5 17.Nxc6 Rxc6 18.Bb6 Ne4 19.Rxe4 Qf8 20.Bxd8 dxe4 21.Nxe4 f5
22.Qd5+ Kh8 23.Ng5 h6 24.Ne6 Rxe6 25.Qxe6 Qxd8 26.Qxg6 Qd2 27.Qe8+ Kh7 28.Re1 Qxa2
29.h4 Qxb3 30.Qe6 Qd3 31.Kh1 Qd8 32.Qxf5+ Kh8 33.Re4 a5 34.Qg6 Bf8 35.Qe8 Qf6
36.Qe5 Bg7 37.Qxa5 Kh7 38.Qd5 b6 39.Qe6 Qd8 40.h5 Bf8 41.Kh2 Qc7+ 42.Kh3 Qd8
43.Rg4  1-0

[Event "Dato Arthur Tan Malaysian Op"]
[Site "Kuala Lumpur MAS"]
[Date "2007.08.21"]
[Round "4"]
[White "Legaspi,R"]
[Black "Chong Chor Yuen"]
[Result "1/2-1/2"]
[WhiteElo "2316"]
[BlackElo "2067"]

1.e4 c5 2.Nf3 d6 3.Bb5+ Bd7 4.Bxd7+ Qxd7 5.c4 Nf6 6.Nc3 Nc6 7.d4 cxd4 8.Nxd4 g6
9.O-O Bg7 10.Nde2 O-O 11.f3 Rac8 12.Bg5 Rfd8 13.Qd2 b6 14.Rac1 Qb7 15.b3 Rd7
16.Rfd1 e6 17.h3 a6 18.a4 Rcd8 19.Qf4 Nh5 20.Qh4 f6 21.Be3 f5 22.exf5 exf5
23.Qf2 Rb8 24.Rd3 Nf6 25.Rcd1 Ne8 26.Kh1 Rf7 27.Bf4 Be5 28.Bc1 Na5 29.Nd5 b5
30.cxb5 axb5 31.Bd2 Nxb3 32.Rxb3 Qxd5 33.Rbb1 Qc4 34.a5 Nf6 35.Bg5 Nh5 36.f4 Qxe2
37.Qxe2 Ng3+ 38.Kh2 Nxe2 39.fxe5 Nc3 40.exd6 Nxd1 41.Rxd1 Rd7 42.Be3 Kf7
43.Bb6 Rbb7  1/2-1/2

[Event "Dato Arthur Tan Malaysian Op"]
[Site "Kuala Lumpur MAS"]
[Date "2007.08.21"]
[Round "4"]
[White "Lee Kim Han,E"]
[Black "Hasan,Me"]
[Result "1/2-1/2"]
[WhiteElo "2045"]
[BlackElo "2280"]

1.e4 c5 2.Nf3 d6 3.Bb5+ Nd7 4.c4 Nf6 5.Nc3 a6 6.Ba4 g6 7.d4 cxd4 8.Nxd4 Bg7
9.O-O O-O 10.Bxd7 Bxd7 11.b3 b5 12.cxb5 axb5 13.Re1 Qb6 14.Bb2 e6 15.Qd3 Ng4
16.Nd1 Rfc8 17.Ne3 Ne5 18.Qd2 Qa5 19.Red1 Qxd2 20.Rxd2 f5 21.f4 Nf7 22.exf5 gxf5
23.Nf3 Bxb2 24.Rxb2 Rc3 25.Re1 Kg7 26.Kf2 h5 27.Ree2 Kf6 28.Red2 Rc5 29.Rbc2 Rac8
30.Rxc5 Rxc5 31.Rc2 Rxc2+ 32.Nxc2 e5 33.Ke3 Bc6 34.Nb4 Nd8 35.Ne1 Ke6 36.g3 Bb7
37.h3 Nc6 38.Nxc6 Bxc6 39.fxe5 dxe5 40.Nd3 h4 41.gxh4 Be8 42.a4 f4+ 43.Nxf4+ exf4+
44.Kxf4 b4 45.Ke4 Kd6 46.Kd4 Bf7 47.h5 Bxb3 48.h6 Bg8 49.h7 Bxh7 50.Kc4  1/2-1/2

[Event "1st Serbian League Men"]
[Site "Zlatibor SRB"]
[Date "2007.08.21"]
[Round "1"]
[White "Mihalj,M"]
[Black "Arsovic,G"]
[Result "0-1"]
[WhiteElo "2323"]
[BlackElo "2470"]

1.e4 c5 2.Nf3 d6 3.Bb5+ Bd7 4.a4 Nc6 5.O-O Nf6 6.Re1 g6 7.Na3 Bg7 8.Nc4 O-O
9.e5 dxe5 10.Ncxe5 Nxe5 11.Nxe5 Be6 12.Bc4 Bxc4 13.Nxc4 Nd5 14.d3 e6 15.Bd2 b6
16.Qc1 Re8 17.Bf4 Nxf4 18.Qxf4 Qd5 19.Ne5 Rf8 20.Qg3 Rad8 21.Re2 Qb7 22.Rae1 Rd4
23.b3 Rfd8 24.h4 h5 25.Re4 Rxe4 26.Rxe4 Qc7 27.Qf4 Rd4 28.Nxg6 e5 29.Qf5 fxg6
30.Qxg6 Qf7 31.Qc6 Rd8 32.a5 Rf8 33.f3 bxa5 34.Qxc5 Qb7 35.Qxa5 Qb6+ 36.Qxb6 axb6
37.Rb4 Rf6 38.Kf2 Rc6 39.c4 Bf8 40.Ra4 Bc5+ 41.Ke2 Rg6 42.Kf1 Be7 43.Ra6 Kf7
44.g4 hxg4 45.fxg4 Bxh4 46.Ke2 Be7 47.Kf3 Bc5 48.Ke4 Bd4 49.b4 Rxg4+ 50.Kd5 Rg8
51.Ra7+ Kf6 52.c5 bxc5 53.bxc5 Rd8+ 54.Ke4 Rc8 55.Ra6+ Ke7 56.Ra5 Rd8 57.Ra6 Rd7
58.Rh6 Kd8 59.c6 Rf7 60.Kd5 Kc7 61.Rh1 Re7 62.Rb1 Bb6 63.Re1 Bd4 64.Rb1 Kc8
65.Kd6 Rh7 66.Rf1 Rh6+ 67.Kd5 Rh8 68.Rf7 Rd8+ 69.Ke6 Bc3 70.Rd7 Rh8 71.Ra7 Rh3
72.Rd7 Bd4 73.Kd6 Rh6+ 74.Kd5 Rf6 75.Rh7 Rf8 76.Kd6 Rd8+ 77.Rd7 Bc3 78.Ke6 Re8+
79.Kd6 Bb4+ 80.Kd5 Ba5 81.Ra7 Bc7 82.Ra4 Rd8+ 83.Ke4 Rd6 84.Kxe5 Rxd3+ 85.Ke4 Rd1
86.Rc4 Bb6 87.Ke5 Kc7 88.Ke4 Kd6 89.Rc3 Re1+ 90.Kd3 Bc5 91.c7 Re8 92.Kc4 Kc6
93.Rh3 Re4+ 94.Kd3 Rd4+ 95.Kc3 Kxc7 96.Rh6 Rg4 97.Kd3 Bd6 98.Ke3 Kc6 99.Rh7 Kd5
100.Rd7 Rg3+ 101.Kf2 Rd3 102.Ke2 Ke4 103.Rd8 Re3+ 104.Kd2 Be5 105.Kc2 Rc3+
106.Kd2 Rb3 107.Ke2 Ra3 108.Rd7 Rh3 109.Rf7 Re3+ 110.Kd2 Rb3 111.Rf8 Rb2+
112.Kc1 Bd4 113.Rd8 Rh2 114.Rd7 Kd3 115.Kb1 Rb2+ 116.Kc1 Ra2 117.Rb7 Rh2  0-1

[Event "1st Serbian League Women"]
[Site "Zlatibor SRB"]
[Date "2007.08.21"]
[Round "1"]
[White "Mladenovic,J"]
[Black "Stojanovic,Mari"]
[Result "0-1"]
[WhiteElo "2114"]
[BlackElo "2156"]

1.e4 c5 2.Nf3 d6 3.Bb5+ Bd7 4.Bxd7+ Qxd7 5.O-O Nc6 6.c3 Nf6 7.Qe2 e6 8.d4 cxd4
9.cxd4 d5 10.e5 Ne4 11.Nbd2 Nxd2 12.Bxd2 Be7 13.Rac1 O-O 14.Rc3 Rac8 15.Rd3 Rc7
16.Ng5 Bxg5 17.Bxg5 Ne7 18.Qg4 Rfc8 19.Rg3 Nf5 20.Bf6 Rc1 21.Qg5 Rxf1+ 22.Kxf1 Qb5+
23.Kg1 h6 24.Qd2 Nxg3 25.hxg3 gxf6 26.Qxh6 Qxb2 27.Qxf6 Qb1+ 28.Kh2 Qh7+  0-1

[Event "Acropolis Open"]
[Site "Athens GRE"]
[Date "2007.08.22"]
[Round "9"]
[White "Svetushkin,D"]
[Black "Georgiev,Ki"]
[Result "1/2-1/2"]
[WhiteElo "2618"]
[BlackElo "2663"]

1.e4 c5 2.Nf3 d6 3.Bb5+ Bd7 4.Bxd7+ Qxd7 5.c4 e5 6.Nc3 Nc6 7.a3 Be7 8.d3 Bd8
9.O-O Nge7 10.Rb1 a5 11.Nh4 O-O 12.f4 exf4  1/2-1/2

[Event "Dato Arthur Tan Malaysian Op"]
[Site "Kuala Lumpur MAS"]
[Date "2007.08.22"]
[Round "5"]
[White "Schon,E"]
[Black "Yeap Eng Cheam"]
[Result "0-1"]
[WhiteElo "1963"]
[BlackElo "2138"]

1.e4 c5 2.Nf3 d6 3.Bb5+ Nc6 4.d4 cxd4 5.Qxd4 Bd7 6.Bxc6 Bxc6 7.Nc3 e5 8.Qd3 Be7
9.Bd2 Nf6 10.O-O-O O-O 11.h3 b5 12.Kb1 b4 13.Nd5 Bxd5 14.exd5 e4 15.Qe3 exf3
16.gxf3 Nxd5 17.Qd4 Nf6 18.Rhg1 Ne8 19.Qg4 a5 20.Bf4 Bf6 21.h4 a4 22.Bg5 Rb8
23.Rd5 a3 24.Rf5 Bxg5 25.hxg5 Qc8 26.Rh1 g6 27.Qh4 h5 28.Rf4 Qc5 29.Rc4 Qa5
30.b3 Ng7 31.f4 Rfe8 32.Qh3 d5 33.Rc6 Qb5 34.Rf6 Qe2 35.Rc1 Qd2 36.Rc6 Re1  0-1

[Event "Dato Arthur Tan Malaysian Op"]
[Site "Kuala Lumpur MAS"]
[Date "2007.08.22"]
[Round "6"]
[White "Mok Tze Meng"]
[Black "Chong Chor Yuen"]
[Result "1-0"]
[WhiteElo "2346"]
[BlackElo "2067"]

1.e4 c5 2.Nf3 d6 3.Bb5+ Bd7 4.Bxd7+ Qxd7 5.c4 Nf6 6.Nc3 Nc6 7.d4 cxd4 8.Nxd4 g6
9.f3 Bg7 10.Be3 O-O 11.O-O Rac8 12.b3 Rfd8 13.Rc1 e6 14.Qd2 b6 15.Rfd1 Qb7
16.Nde2 Rd7 17.Bg5 a6 18.a4 Ne8 19.Bh6 Na5 20.Rb1 Bxh6 21.Qxh6 Qc6 22.Kh1 Nb7
23.Nd4 Qc5 24.f4 Nf6 25.Qh4 Kg7 26.e5 dxe5 27.Ne4 Qe7 28.Nf5+ exf5 29.Rxd7 Qxd7
30.Nxf6 Qd4 31.Nd5 e4 32.h3 Nc5 33.g4 e3 34.Rg1 fxg4 35.hxg4 e2 36.g5 Nd3
37.Nf6 Rh8 38.Qh6+  1-0

[Event "Dato Arthur Tan Malaysian Op"]
[Site "Kuala Lumpur MAS"]
[Date "2007.08.22"]
[Round "6"]
[White "Girinath,P"]
[Black "Zhang Zhong"]
[Result "0-1"]
[WhiteElo "2440"]
[BlackElo "2634"]

1.e4 c5 2.Nf3 d6 3.Bb5+ Nd7 4.d4 cxd4 5.Qxd4 a6 6.Bxd7+ Bxd7 7.c4 Rc8 8.O-O Bg4
9.Nbd2 Nf6 10.h3 Bd7 11.Re1 g6 12.e5 dxe5 13.Nxe5 Bg7 14.Ndf3 O-O 15.Qh4 Bc6
16.Nd4 Qb6 17.Ndxc6 bxc6 18.Re2 Rfd8 19.Be3 Qb7 20.Bc5 e6 21.Rae1 Nd7 22.Be7 Re8
23.Nxd7 Qxd7 24.Bg5 Qd3 25.Rd2 Qf5 26.Red1 a5 27.Qf4 a4 28.Qxf5 gxf5 29.b3 h6
30.Be3 axb3 31.axb3 Rb8 32.Rd3 e5 33.Ba7 Rb7 34.Bc5 e4 35.Rd8 Rxd8 36.Rxd8+ Kh7
37.b4 Bc3 38.Rd6 Bxb4 39.Bxb4 Rxb4 40.Rxc6 Kg7 41.g3 Rb1+ 42.Kg2 Rb2 43.Kf1 Rc2
44.Kg1 h5 45.h4 f6 46.Rc5 Kg6 47.Kf1 Rd2 48.Kg1 Rd3 49.Kg2 Rf3 50.Rb5 Rd3
51.Rc5 Rc3 52.Rc8 f4 53.Rc5 f3+ 54.Kh3 e3 55.fxe3 Rc1 56.g4 f2  0-1

[Event "IV RUS-CHN Match"]
[Site "Nizhniy Novgorod RUS"]
[Date "2007.08.23"]
[Round "4"]
[White "Ni Hua"]
[Black "Timofeev,Arty"]
[Result "0-1"]
[WhiteElo "2681"]
[BlackElo "2650"]

1.e4 c5 2.Nf3 d6 3.Bb5+ Bd7 4.Bxd7+ Nxd7 5.O-O Ngf6 6.Qe2 e6 7.b3 Be7 8.Bb2 O-O
9.c4 a6 10.d4 cxd4 11.Nxd4 Rc8 12.Nc3 Qa5 13.Rac1 Rfe8 14.Kh1 Bf8 15.f4 g6
16.e5 dxe5 17.fxe5 Qxe5 18.Qxe5 Nxe5 19.Rxf6 Nd3 20.Rb1 Nxb2 21.Rxb2 Bg7
22.Ne4 Red8 23.Rd2 b5 24.Nf3 bxc4 25.bxc4 Rxd2 26.Nfxd2 Bxf6 27.Nxf6+ Kg7
28.Nfe4 f5 29.Nc3 Rd8 30.Ncb1 e5 31.Kg1 e4 32.Kf2 Kf6 33.Ke2 Ke5 34.Nb3 g5
35.Nc3 h5 36.Nd5 f4 37.Nb6 h4 38.h3 Rd3 39.c5 Re3+ 40.Kf2 Rc3 41.Na5 Rc2+
42.Kf1 f3 43.gxf3 exf3 44.c6 g4 45.c7 Rxc7 46.Nac4+ Kd4 47.hxg4 h3 48.Nd2 Rc1+
49.Kf2 Rc2  0-1

[Event "TCh-ESP CECLUB Sur Div 1"]
[Site "Burguillos ESP"]
[Date "2007.08.24"]
[Round "4"]
[White "Perez Pardo,J"]
[Black "Garcia Gata,J"]
[Result "1-0"]
[WhiteElo "2327"]
[BlackElo "2110"]

1.e4 c5 2.Nf3 d6 3.Bb5+ Bd7 4.Bxd7+ Qxd7 5.c4 Nc6 6.d4 cxd4 7.Nxd4 Nf6 8.f3 Nxd4
9.Qxd4 g6 10.Nc3 Bg7 11.Be3 O-O 12.Qd3 Qc6 13.O-O Rfc8 14.b3 Nd7 15.Rac1 Nc5
16.Qd2 Ne6 17.Nd5 Qe8 18.Qf2 Kf8 19.f4 Nc5 20.Bxc5 dxc5 21.e5 e6 22.Nc3 a6
23.Rcd1 Qc6 24.Rd6 Qxd6 25.exd6 Bd4 26.Ne4 Rd8 27.Qxd4 cxd4 28.c5 h6 29.g4 f5
30.Nf2 b6 31.b4 a5 32.a3 axb4 33.axb4 bxc5 34.bxc5 Ra3 35.Re1 Kf7 36.Rb1 Ke8
37.Rb7 Rd7 38.Rb8+ Rd8 39.Rb7 Rc3 40.Re7+ Kf8 41.Rh7 Kg8 42.Rc7 Kf8 43.Rh7 Kg8
44.Rc7 d3 45.d7 Kf8 46.Rc8 Ke7 47.c6 d2 48.gxf5 gxf5 49.Kg2 Rc2 50.Kf3 Rc4
51.Nd1 Rc5 52.Ke2 Rc2 53.Ne3 d1=Q+ 54.Kxd1 Rxh2 55.Ke1 Rh3 56.Ke2 Rh2+ 57.Ke1 Rh3
58.c7 Rxe3+ 59.Kf2 Rxd7 60.Re8+ Kxe8 61.c8=Q+ Ke7 62.Kxe3 Rd5 63.Qh8 Kd6
64.Qf8+ Kd7 65.Qxh6 Kd6 66.Qf8+ Kd7 67.Qf7+ Kd6 68.Qe8 Rc5 69.Qd8+ Kc6 70.Qe7 Kd5
71.Qd7+ Kc4 72.Qxe6+ Kb5 73.Kd4 Kb4 74.Qd6  1-0

[Event "15th Open"]
[Site "Nikea GRE"]
[Date "2007.08.24"]
[Round "2"]
[White "Homatidis,P"]
[Black "Gazis,Ef"]
[Result "1/2-1/2"]
[WhiteElo "2007"]
[BlackElo "2307"]

1.e4 c5 2.Nf3 d6 3.Bb5+ Bd7 4.Bxd7+ Qxd7 5.O-O Nf6 6.Re1 Nc6 7.c3 e6 8.d4 cxd4
9.cxd4 d5 10.e5 Ne4 11.Ng5 Nxg5 12.Bxg5 Qc7 13.Be3 Be7 14.Qg4 g6 15.Nd2 Bb4
16.Rec1 Bxd2 17.Bxd2 Qb6 18.Bc3 Rc8 19.Qf4 Qd8 20.Qh6 Qe7 21.Bd2 Qf8 22.Qh3 h6
23.Qb3 Qe7 24.Bb4 Qd8 25.Bc5 Rc7 26.Qa4 Rd7 27.b4 f5 28.b5 Qa5 29.Qxa5 Nxa5
30.Bxa7 Nc4 31.Bc5 b6 32.Bb4 Ra7 33.a4 Kf7 34.Rc2 Rha8 35.Rca2 g5 36.Kf1 f4
37.Ke2 Kg6 38.Kd3 Kf5 39.Bc3 h5 40.Kc2 g4 41.Kb3 Rb7 42.Rc1 Rg8 43.Rf1 f3
44.g3 h4 45.Kc2 Rh8 46.Kd3 hxg3 47.hxg3 Rh2 48.Raa1 Kg6 49.Ra2 Ra7 50.Raa1 Rah7
51.Ra2 Rg2 52.Raa1 Rhh2 53.Be1 Kf5 54.Rb1 Rh8 55.Ra1 Rgh2 56.Bc3 Kg6 57.Bb4 Ra8
58.Bc3  1/2-1/2

[Event "IV RUS-CHN Match"]
[Site "Nizhniy Novgorod RUS"]
[Date "2007.08.24"]
[Round "5"]
[White "Ni Hua"]
[Black "Alekseev,Evgeny"]
[Result "0-1"]
[WhiteElo "2681"]
[BlackElo "2689"]

1.e4 c5 2.Nf3 d6 3.Bb5+ Bd7 4.Bxd7+ Qxd7 5.c4 Nf6 6.Nc3 Nc6 7.d4 cxd4 8.Nxd4 e6
9.O-O Be7 10.Be3 O-O 11.Rc1 a6 12.Qe2 Rac8 13.f3 Qc7 14.b3 Qa5 15.Kh1 Rfe8
16.Nxc6 Rxc6 17.f4 Qh5 18.Qd3 Nd7 19.Rf3 Qa5 20.Bd2 Qd8 21.Rh3 g6 22.Rf1 Bf6
23.g4 Bg7 24.g5 f5 25.exf5 gxf5 26.Ne2 b5 27.Nd4 Rc7 28.Ba5 Qa8+ 29.Nf3 Rc6
30.Bc3 bxc4 31.bxc4 Nc5 32.Qe3 Rc7 33.Bxg7 Rxg7 34.Qd4 Qc6 35.g6 hxg6 36.Rg1 e5
37.fxe5 dxe5 38.Qh4 Nd3 39.Rd1 Nf4 40.Rd6 Qxd6 41.Qh8+ Kf7 42.Ng5+ Kf6 43.Nh7+ Ke7
44.Qxg7+ Kd8  0-1

[Event "Open A"]
[Site "Polanica Zdroj POL"]
[Date "2007.08.24"]
[Round "8"]
[White "Panas,P"]
[Black "Kocwin,B"]
[Result "1/2-1/2"]
[WhiteElo "2226"]
[BlackElo "2204"]

1.e4 c5 2.Nf3 d6 3.Bb5+ Bd7 4.Bxd7+ Nxd7 5.O-O Ngf6 6.Qe2 e6 7.d3 Be7 8.Ng5 h6
9.Nh3 O-O 10.f4 Rc8 11.Kh1 b5 12.a4 a6 13.Nd2 Nb6 14.axb5 axb5 15.f5 exf5
16.Rxf5 Qd7 17.Rf1 Ra8 18.Rxa8 Rxa8 19.Nf3 Qg4 20.Qf2 Kh8 21.Be3 Nbd7 22.Nf4 Ne5
23.Nxe5 dxe5 24.Nd5 Nxd5 25.exd5 c4 26.h3 Qd7 27.dxc4 bxc4 28.Rd1 Bd6 29.Qh4 Ra4
30.c3 Kh7 31.Qf2 Ra5 32.Qh4 Ra4 33.Qf2 Ra5 34.Qh4 Qc7 35.Qe4+ Kg8 36.Rf1 Ra2
37.Rf2 Ra1+ 38.Kh2 Re1 39.Rf3 Bc5 40.Rg3 f5 41.d6 Bxd6 42.Qxf5 e4 43.Qe6+ Kf8
44.Qf5+ Ke8 45.Qxe4+ Kd7 46.Qf5+ Kd8 47.Bf2 Rf1 48.Qf3 Bxg3+ 49.Bxg3 Qf7
50.Qc6 Rf6 51.Qc5 Rf5 52.Qb6+ Kd7 53.Qd6+ Ke8 54.Qb8+ Kd7 55.Qd6+ Ke8 56.Qb8+ Ke7  1/2-1/2

[Event "Open A"]
[Site "Polanica Zdroj POL"]
[Date "2007.08.24"]
[Round "8"]
[White "Socko,M"]
[Black "Maciejewski,M"]
[Result "1-0"]
[WhiteElo "2479"]
[BlackElo "2303"]

1.e4 c5 2.Nf3 d6 3.Bb5+ Bd7 4.Bxd7+ Qxd7 5.O-O Nc6 6.Qe2 g6 7.c3 Bg7 8.Rd1 Nf6
9.d4 cxd4 10.cxd4 d5 11.e5 Ne4 12.Ne1 f6 13.f3 Ng5 14.Bxg5 fxg5 15.Qe3 h6
16.Nd3 b6 17.Nc3 O-O 18.Rac1 Rac8 19.Nf2 Na5 20.b3 e6 21.Qd3 Kh7 22.Nb5 Rfd8
23.Nd6 Rxc1 24.Rxc1 Bf8 25.Ng4 Be7 26.Rc3 h5 27.Qc2 Nc4 28.bxc4 hxg4 29.c5 bxc5
30.dxc5 Qc6 31.fxg4 Rf8 32.Rf3 Rxf3 33.gxf3 Bxd6 34.exd6 e5 35.Kg2 Kg7 36.Qc3 d4
37.Qa5 Qd5 38.Qxa7+ Kh6 39.Qb8 Kg7 40.Qc7+ Kh6 41.Qd8 Kh7 42.Qe7+ Kh6 43.h4 gxh4
44.Qxh4+ Kg7 45.Qe7+ Kh6 46.d7 Qxa2+ 47.Kg3  1-0

[Event "1st Serbian League Men"]
[Site "Zlatibor SRB"]
[Date "2007.08.24"]
[Round "4"]
[White "Solak,D"]
[Black "Grujic,Z"]
[Result "1-0"]
[WhiteElo "2566"]
[BlackElo "2362"]

1.e4 c5 2.Nf3 d6 3.Bb5+ Nd7 4.d4 Nf6 5.Nc3 a6 6.Bxd7+ Nxd7 7.O-O e6 8.Bg5 f6
9.Bh4 cxd4 10.Nxd4 Ne5 11.f4 Nc6 12.f5 Nxd4 13.Qxd4 Be7 14.Qa4+ Kf7 15.Qb3 Qc7
16.Rad1 Re8 17.Rd2 Qc6 18.Bg3 b5 19.Rfd1 Rd8 20.Rd4 Rb8 21.Ne2 g5 22.h4 h6
23.Be1 Qb6 24.Bf2 Qc6 25.Ng3 Rg8 26.Qf3 g4 27.Qb3 a5 28.R4d2 Bf8 29.Bd4 Qc4
30.fxe6+ Bxe6 31.Qe3  1-0

[Event "1st Serbian League Men"]
[Site "Zlatibor SRB"]
[Date "2007.08.24"]
[Round "4"]
[White "Savic,Miod1"]
[Black "Nestorovic,N"]
[Result "1-0"]
[WhiteElo "2514"]
[BlackElo "2424"]

1.e4 c5 2.Nf3 d6 3.Bb5+ Bd7 4.Bxd7+ Qxd7 5.O-O Nc6 6.Re1 Nf6 7.d3 e6 8.Bf4 Be7
9.c3 O-O 10.Nbd2 Rac8 11.h3 b5 12.a3 Qb7 13.Qe2 a5 14.a4 b4 15.Nc4 Rfd8 16.Ne3 d5
17.e5 Nd7 18.c4 dxc4 19.Nxc4 Nb6 20.Nxb6 Qxb6 21.Rac1 Qa6 22.Be3 Nb8 23.Rc4 Nd7
24.Bg5 Re8 25.Bxe7 Rxe7 26.b3 Nb6 27.Rg4 h6 28.Qe3 Kf8 29.Qe4 Kg8 30.Qf4 Qxd3
31.Qxh6 Qh7 32.Qg5 Nd5 33.Ree4 Qg6 34.Qh4 Qh7 35.Qg5 Qg6 36.Qd2 Qf5 37.Qh6 Qh7
38.Rxg7+ Qxg7 39.Rg4 Qxg4 40.hxg4 c4 41.Ng5 Rec7 42.bxc4 b3 43.Qh7+ Kf8 44.cxd5 b2
45.Kh2 exd5 46.e6 Ke7 47.exf7  1-0

[Event "16th VR Bank Open"]
[Site "Apolda GER"]
[Date "2007.08.25"]
[Round "5"]
[White "Pokrupa,M"]
[Black "Hoffmann,Hen"]
[Result "1-0"]
[WhiteElo "2186"]
[BlackElo "2272"]

1.e4 c5 2.Nf3 d6 3.Bb5+ Bd7 4.Bxd7+ Nxd7 5.c4 Ne5 6.d4 Nxf3+ 7.gxf3 cxd4
8.Qxd4 Nf6 9.Nc3 g6 10.Bg5 Bg7 11.Nd5 Nh5 12.Qd2 f6 13.Be3 O-O 14.O-O Rf7
15.Rad1 Qc8 16.Qe2 Qh3 17.Rd3 f5 18.Bg5 e6 19.Nf4 Nxf4 20.Bxf4 e5 21.Bc1 f4
22.Rfd1 Bf8 23.b3 g5 24.Qf1 Qh5 25.Qg2 Qg6 26.h3 h5 27.Rd5 Rc8 28.Kh1 Rg7
29.Rg1 Kh7 30.Qf1 Qe6 31.Kh2 Be7 32.Qd1 Rcg8 33.Rh1 Rg6 34.Kg2 Rh6 35.Ba3 Rgg6
36.Bb2 Kg7 37.c5 g4 38.hxg4 hxg4 39.Rxh6 Rxh6 40.fxg4 Qg6 41.cxd6 Qh7 42.Bxe5+ Kg8
43.Bxf4 Qxe4+ 44.Qf3  1-0

[Event "Dato Arthur Tan Malaysian Op"]
[Site "Kuala Lumpur MAS"]
[Date "2007.08.25"]
[Round "9"]
[White "Milligan,H"]
[Black "Lee Kim Han,E"]
[Result "1/2-1/2"]
[WhiteElo "2034"]
[BlackElo "2045"]

1.e4 c5 2.Nf3 d6 3.Bb5+ Bd7 4.Bxd7+ Qxd7 5.c4 e5 6.Nc3 g6 7.d3 Bg7 8.a3 Nc6
9.Rb1 Nge7 10.O-O O-O 11.b4 cxb4 12.axb4 f5 13.b5 Nd8 14.Re1 f4 15.Nd5 Nf7
16.Ba3 g5 17.h3 Nxd5 18.exd5 Rfe8 19.Nd2 Bf6 20.Ne4 Kg7 21.Qg4 Qxg4 22.hxg4 Red8
23.f3 Rac8 24.Bb4 Rd7 25.Ra1 Bd8 26.Kf1 Bb6 27.Ke2 Rcc7 28.Rh1 Kg6 29.Ra2 Bd4
30.Ba5 b6 31.Bb4 Bc5 32.Bxc5 dxc5 33.Rha1 Kg7 34.Kf2 Kg6 35.Ra6 Kg7 36.Ke2 Kg6
37.Kf2  1/2-1/2

[Event "Dato Arthur Tan Malaysian Op"]
[Site "Kuala Lumpur MAS"]
[Date "2007.08.25"]
[Round "10"]
[White "Legaspi,R"]
[Black "Yeap Eng Cheam"]
[Result "1/2-1/2"]
[WhiteElo "2316"]
[BlackElo "2138"]

1.e4 c5 2.Nf3 d6 3.Bb5+ Bd7 4.Bxd7+ Nxd7 5.O-O Ngf6 6.Re1 g6 7.c4 Bg7 8.Nc3 O-O
9.d3 a6 10.Bg5 Rb8 11.a4 Ne5 12.h3 b6 13.Qe2 Ne8 14.Nd5 f6 15.Bh4 Nc7 16.Nd2 Ne6
17.f4 Nd4 18.Qf1 Nec6 19.Rac1 b5 20.axb5 axb5 21.Bf2 bxc4 22.Nxc4 e6 23.Nc3 Bh6
24.Bh4 Qd7 25.Rb1 Nb3 26.f5 exf5 27.Nd5 g5 28.Bg3 f4 29.Bf2 Bg7 30.g3 Ne5
31.Red1  1/2-1/2

[Event "Dato Arthur Tan Malaysian Op"]
[Site "Kuala Lumpur MAS"]
[Date "2007.08.25"]
[Round "10"]
[White "Lee Kim Han,E"]
[Black "Spiller,P"]
[Result "1/2-1/2"]
[WhiteElo "2045"]
[BlackElo "2037"]

1.e4 c5 2.Nf3 d6 3.Bb5+ Bd7 4.Bxd7+ Qxd7 5.c4 e5 6.Nc3 g6 7.d3 Bg7 8.a3 Nc6
9.Rb1 Nge7 10.O-O O-O 11.b4 b6 12.bxc5 dxc5 13.Nd5 f5 14.Bg5 Nc8 15.Bd2 Nd6
16.Qe2 Rae8 17.Rfc1 Kh8 18.h3 Nd4 19.Nxd4 exd4 20.f3 fxe4 21.dxe4  1/2-1/2

[Event "VIII Open"]
[Site "Tarragona ESP"]
[Date "2007.08.25"]
[Round "8"]
[White "Carlsson,P"]
[Black "Sandu,Mi"]
[Result "1-0"]
[WhiteElo "2480"]
[BlackElo "2271"]

1.e4 c5 2.Nf3 d6 3.Bb5+ Bd7 4.Bxd7+ Qxd7 5.c4 g6 6.d4 cxd4 7.Nxd4 Bg7 8.Nc3 Nf6
9.f3 O-O 10.O-O Rc8 11.b3 d5 12.exd5 Nxd5 13.Nxd5 e6 14.Bh6 exd5 15.Bxg7 Kxg7
16.Nb5 dxc4 17.Nd6 Rc7 18.Qd4+ Kg8 19.bxc4 Nc6 20.Qf4 Na5 21.Rfe1 Qc6 22.Ne8 Rcc8
23.Nf6+ Kg7 24.Nd5 Re8 25.Nc7 Qc5+ 26.Kh1 Rxe1+ 27.Rxe1 g5 28.Qg3 Rd8 29.Nd5 f6
30.Nc7  1-0

[Event "IV RUS-CHN Match"]
[Site "Nizhniy Novgorod RUS"]
[Date "2007.08.28"]
[Round "8"]
[White "Kovalevskaya,E"]
[Black "Zhao Xue"]
[Result "1-0"]
[WhiteElo "2454"]
[BlackElo "2500"]

1.e4 c5 2.Nf3 d6 3.Bb5+ Nc6 4.O-O Bd7 5.Re1 Nf6 6.c3 a6 7.Bf1 Bg4 8.h3 Bxf3
9.Qxf3 g6 10.Na3 Bg7 11.Nc2 Nd7 12.Qd1 O-O 13.d4 cxd4 14.cxd4 e6 15.Be3 Rc8
16.Rc1 Re8 17.Qd2 Qa5 18.b4 Qa4 19.Bc4 Na5 20.Bxe6 Rxe6 21.bxa5 Rxe4 22.Qb4 Rc4
23.Qxb7 Re8 24.Na1 Qb5 25.Rb1 Qxb7 26.Rxb7 Nf6 27.Nb3 Nd5 28.Ra7 Rc6 29.Rc1 Rxc1+
30.Bxc1 Nb4 31.Bd2 Nc2 32.Rxa6 d5 33.Rd6 Nxd4 34.Rxd5 Ne2+ 35.Kf1 Nc3 36.Rd7 Ra8
37.a6 Ne4 38.a7 Nxd2+ 39.Nxd2 Bf8 40.Nb3 Kg7 41.Nd4 Kf6 42.Nc6 Bc5 43.Rb7 Bd6
44.Rd7 Bc5 45.a4 h5 46.a5 Ke6 47.Rd8  1-0